| 000 | 01141cam a2200289 4500 | ||
|---|---|---|---|
| 008 | 090401t1995 xxu||||| |||| 00| 0 eng d | ||
| 020 | _a0854066772 | ||
| 022 | _a1354-506X | ||
| 035 | _a(Sirsi) u61396 | ||
| 041 | _aeng | ||
| 050 |
_a690.3 _c18 |
||
| 090 | _aRICS 1995/100ABCD | ||
| 100 | _aBarrett, Peter | ||
| 245 |
_aQuality management for the construction professional _bwhat a mess! |
||
| 260 |
_aLondon _bRICS _c1995 |
||
| 300 |
_aiii, 19p. _c30cm. |
||
| 350 | _a7.95 | ||
| 490 |
_aRICS Foundation Research Papers _v1(4) |
||
| 520 | _aPresents the results of an extensive research project in the hope that the findings will clarify some of the issues. This leads on to the description of an approach named 'supple systems'. The last part of the paper considers the relationship between the 'supple systems' approach and other initiatives in the quality field. | ||
| 650 | _aISO 9000 | ||
| 650 | _aQUALITY ASSURANCE | ||
| 650 | _aQUALITY MANAGEMENT | ||
| 690 | _aMANAGEMENT-BUSINESS MANAGEMENT-PROFESSIONAL PRACTICE | ||
| 710 |
_aRoyal Institution of Chartered Surveyors _94900 |
||
| 942 | _n0 | ||
| 948 | _c04/03/1997 | ||
| 999 |
_c94309 _d94309 |
||